| 000 | 00564nam a2200157 a 4500 | ||
|---|---|---|---|
| 001 | 000039317 | ||
| 005 | 20201002031607.0 | ||
| 008 | 130621s2012 dr ac 000 0 spa d | ||
| 040 |
_aDO-SdBNP _bspa _cBNPHU |
||
| 100 | 1 |
_aDantes-Castillo, Luis _965509 |
|
| 245 | 1 | 0 |
_aMaría Montez : _b100 años / _cLuis Dantes-Castillo ; prólogo Franklín Domínguez. |
| 260 |
_aSanto Domingo : _bBúho, _c2012. |
||
| 300 |
_a67 p. : _bils., retrs. ; _c29 cm. |
||
| 500 | _aIncluye datos biográficos del autor en la contracubierta | ||
| 700 | 1 |
_aDomínguez, Franklín, _epról. _926932 |
|
| 999 |
_c38807 _d38807 |
||